| 000 | 01485cab a22002655a 4500 | ||
|---|---|---|---|
| 001 | L147224 | ||
| 008 | 090417s2008 xxk f 000 0 eng d | ||
| 035 | _a(Sirsi) u147224 | ||
| 041 | 0 | _aeng | |
| 100 | 1 | _aTewdwr-Jones, Mark | |
| 245 | 0 | 4 |
_aThe complexity of planning reform _ba search for the spirit and purpose of planning |
| 260 | _c2008 | ||
| 490 | 0 |
_aTown and Country Planning Review _v79(6) 2008, 673-688(16) |
|
| 520 | _aReveals that the UK planning system has changed beyond all recognition since 1997, broadening out from its regulatory core to include co-ordinating the spatial aspects of a range of policy agendas at both the local and regional levels, and providing a mediation forum. Charts the evolution of planning reform, and finds that the reformed planning system reflects both continuity and change from the past and that planning is no longer a single entity, but a fluid and adaptable process. Concludes that planning has been strengthened, but within an increasingly complex environment. | ||
| 590 | _aKA | ||
| 650 | 2 | 4 | _aTOWN AND COUNTRY PLANNING ACT 1947 |
| 650 | 2 | 4 | _aTOWARDS AN URBAN RENAISSANCE |
| 650 | 2 | 4 | _aPLANNING AND COMPULSORY PURCHASE ACT 2004 |
| 650 | 2 | 4 | _aPLANNING ACT 2008 |
| 650 | 2 | 4 | _aLOCAL DEMOCRACY, ECONOMIC DEVELOPMENT AND CONSTRUCTION BILL 2008 |
| 650 | 2 | 4 | _aPLANNING BILL 2007-08 |
| 651 | 4 |
_aEngland and Wales _y1543- |
|
| 690 | _aENVIRONMENTAL AND LAND CONSULTANCY-PLANNING AND DEVELOPMENT-PLANNING REFORM | ||
| 942 | _n0 | ||
| 999 |
_c81440 _d81440 |
||